| 000 | 00461nam a2200181Ia 4500 | ||
|---|---|---|---|
| 003 | IN-BaIIA | ||
| 008 | 211028s9999 xx 000 0 eng d | ||
| 020 | _a0-12-174550-3 | ||
| 040 | _cIIA Library | ||
| 080 |
_a535.215.2 _bCHU |
||
| 100 |
_aChu, Benjamin _98624 |
||
| 245 | 0 |
_aLaser light scattering _cBenjamin Chu |
|
| 260 |
_aNew York _bAcademic Press _c1974 |
||
| 300 | _axii,317p. | ||
| 650 |
_a Lasers _98231 |
||
| 650 | _aNASA Thesaurus | ||
| 942 | _cBK | ||
| 999 |
_c4837 _d4837 |
||